000 00839nam a2200265 a 4500
008
020 _a9780124081345 (hardback)
040 _aNUST
_cNUST
049 _aMAIN
090 _aRC649
_bCEL
245 1 0 _aCellular Endocrinology in Health and Disease /
_cedited by Ulloa-Aguirre Alfedo and Conn Michael P.
260 _aUnited States :
_bAcademic Press,
_c2014
300 _ax, 403 pages :
_billustrations ;
_c26 cm
336 _atext
_btxt
_2rdacontent
337 _aunmediated
_bn
_2rdamedia
338 _avolume
_bnc
_2rdacarrier
500 _aIncludes index.
650 1 _aCalcium Levels.
700 _a Conn, Michael P.
700 _aUlloa-Aguirre, Alfedo.
907 _a.b10412220
_b02-11-21
_c02-11-21
003
005 20230120204333.0
942 _cBOOKS
_kRC649
_mCEL
999 _c121446
_d121446